000 01102nam a2200313 i 4500
001 bg
100 1 _aWELLING, Luke
_d(1972- )
245 1 0 _aPHP i MySQL :
_btworzenie stron WWW : vademecum profesjonalisty /
_cLuke Welling, Laura Thomson ; [tł. Daniel Kaczmarek, Łukasz Zieliński na podst.
_n1 wyd. w tłum. Jacka Smycza , DAniela Kaczmarka].
246 _iTyt. oryg.:
_aPHP and MySQL Web development
250 _aWyd. 2.
260 _aGliwice :
_b"Helion",
_ccop. 2003.
300 _a840 s. :
_bil. ;
_c24 cm +
_eCD ROM.
500 _aTyt. oryg.: "PHP and MySQL Web development" 2003, 2nd ed.
504 _aIndeks.
650 9 _aMySQL
650 9 _aPHP
655 _aPodręczniki
700 1 _aTHOMSON, Laura
700 1 _aKACZMAREK, Daniel.
_eTł.
700 1 _aZIELIŃSKI, Łukasz.
_eTł.
020 _a8373611401
040 _cBPK
041 1 _apol
_heng
080 _a004.652:004.438A/Z:004.738.52](07)
920 _a83-7361-140-1
942 _cKS
008 s pl f |000 0 pol
999 _c43564
_d43564
856 _uhttp://koha.tu.koszalin.pl/cgi-bin/koha/opac-detail.pl?biblionumber=43564
_yKatalog online BPK